000 01268nam a2200301 a 4500
001 ebr10185543
003 CaPaEBR
006 m u
007 cr cn|||||||||
008 081020s2007 enk sb 000 0 eng d
020 _z9781846634802
020 _z9781846634819
040 _aCaPaEBR
_cCaPaEBR
035 _a(OCoLC)648296927
050 1 4 _aHD30.2
_b.M36 pt.2 2007eb
245 0 0 _aManagement science
_h[electronic resource] :
_bcurrent researches and developments. Pt. II /
_ceditor, Brain H. Rudall.
260 _a[Bradford, England] :
_bEmerald,
_c2007.
300 _a569-838 p.
490 0 _aKybernetes : the international journal of cybernetics, systems and management sciences,
_x0368-492x ;
_vv. 36, no. 5/6
504 _aIncludes bibliographical references.
533 _aElectronic reproduction.
_bPalo Alto, Calif. :
_cebrary,
_d2009.
_nAvailable via World Wide Web.
_nAccess may be limited to ebrary affiliated libraries.
650 0 _aManagement science.
650 0 _aKnowledge management.
655 7 _aElectronic books.
_2local
700 1 _aRudall, B. H.
_q(Brian H.)
710 2 _aebrary, Inc.
856 4 0 _uhttp://site.ebrary.com/lib/rucke/Doc?id=10185543
_zAn electronic book accessible through the World Wide Web; click to view
999 _c144579
_d144579